| 000 | 00360nam a22001457a 4500 | ||
|---|---|---|---|
| 008 | 230523b |||||||| |||| 00| 0 eng d | ||
| 020 | _a9789388548397 | ||
| 100 | _aP.S.A Pillai & K. I. Vibhute | ||
| 245 | _aPillai P.S.A - Criminal Law | ||
| 250 | _a14th Ed. | ||
| 260 |
_aHaryana _bLN Pub. _c2022 |
||
| 300 | _a1133 | ||
| 546 | _aEnglish | ||
| 942 |
_2ddc _cBK |
||
| 999 |
_c20022 _d20022 |
||